[Event "Cappelle Online Rapid op"]
[Site "Europe Echecs INT"]
[Date "2021.03.06"]
[Round "2"]
[White "Thieuleux, Thomas"]
[Black "Voiculescu Holvad, Stephane"]
[Result "0-1"]
[WhiteElo "1329"]
[BlackElo "1667"]
[PlyCount "146"]
[EventDate "2021.03.06"]
[EventType "swiss (rapid)"]
[EventRounds "9"]
[EventCountry "FRA"]
[SourceTitle "CBM 201 Extra"]
[Source "ChessBase"]
[SourceDate "2021.05.31"]
[SourceVersion "1"]
[SourceVersionDate "2021.05.31"]
[SourceQuality "1"]

1. e4 c5 2. c3 d5 3. e5 Bf5 4. d4 e6 5. Bd3 Bxd3 6. Qxd3 Nc6 7. Nf3 Rc8 8. 0-0 Qb6 9. b3 Nge7 10. Na3 cxd4 11. cxd4 Nf5 12. Bb2 Be7 13. Rac1 0-0 14. Qb5 Qxb5 15. Nxb5 a6 16. g4 axb5 17. gxf5 exf5 18. Kh1 Rc7 19. Rg1 Rfc8 20. a3 Na5 21. b4 Nc4 22. Rb1 g6 23. h4 h5 24. Ne1 Bxh4 25. Nf3 Be7 26. Bc1 Kh7 27. Re1 Rc6 28. Ng1 Nb6 29. f4 Nd7 30. Ne2 Nf8 31. Bb2 Ne6 32. Rec1 Rxc1+ 33. Rxc1 Rc4 34. Kg2 Kh6 35. Kf3 Rxc1 36. Nxc1 h4 37. Ne2 Kh5 38. Ng1 g5 39. fxg5 Bxg5 40. Nh3 Bd2 41. Ke2 Nf4+ 42. Nxf4+ Bxf4 43. Kf3 Bd2 44. Ke2 Bh6 45. Kf3 b6 46. Kg2 Kg4 47. Kf2 Bf4 48. Kg2 h3+ 49. Kf2 Bg3+ 50. Kg1 Kf3 51. Kh1 Ke4 52. Kg1 Bf4 53. Kf2 Be3+ 54. Kg3 Bxd4 55. Bc1 Bxe5+ 56. Kxh3 Kf3 57. Kh4 Bf6+ 58. Kh3 d4 59. Kh2 d3 60. Kg1 Ke2 61. a4 bxa4 62. b5 d2 63. Bxd2 Kxd2 64. Kf2 a3 65. Kf3 a2 66. Kf4 a1Q 67. Kg3 Be5+ 68. Kg2 Qd4 69. Kf3 Qe4+ 70. Kf2 Qe2+ 71. Kg1 Ke3 72. Kh1 Kf3 73. Kg1 Qg2# 0-1